000 00560nam a22002177a 4500
003 UA-OsUOA
001 58026
007 ta
008 20090122b un ||||| |||| 00| 0 ukr d
100 _aНаєнко М.
090 _a82
_bН17
942 _cSA
040 _aUA-OsUOA
_bukr
_cUA-OsUOA
_dUA-OsUOA
245 _aМикола Зеров і питання неокласицизму
300 _aС.38-49
955 _a0
041 _aukr
080 _a82
773 0 _w58025
650 7 _a82 Література. Літературознавство
_2UDC
999 _c344107
_d344107